Find the 'B' Countries Quiz Stats

 Plays Quiz Updated Jul 2, 2018

Support Sporcle.
Go Orange.
Score 0/17 Timer 06:00
1 Play Today
% Correct
Brazil
87.3%
Bolivia
81%
Belgium
76.4%
Botswana
73.4%
Bulgaria
73%
The Bahamas
72.9%
Belize
70.8%
Bangladesh
70.3%
Bhutan
70%
% Correct
Bosnia and Herzegovina
69.5%
Belarus
68.5%
Benin
65.4%
Bahrain
63.4%
Burundi
60.5%
Brunei
58.5%
Burkina Faso
56.4%
Barbados
54.1%

You're not logged in!

Compare scores with friends on all Sporcle quizzes.
OR
Log In

From the Vault

Perfect Squares

by TheCheese

If you think this is hard, you should try round numbers
Remove Ads.
Support Sporcle.
Get the best of Sporcle when you Go Orange. This ad-free experience offers more features, more stats, and more fun while also helping to support Sporcle. Thank you for becoming a member.

Show Comments

Extras

Top Quizzes Today


Score Distribution

Your Account Isn't Verified!

In order to create a playlist on Sporcle, you need to verify the email address you used during registration. Go to your Sporcle Settings to finish the process.

Report this User

Report this user for behavior that violates our Community Guidelines.

Details: